| 000 -LEADER |
| fixed length control field |
00438nam a2200181 4500 |
| 008 - FIXED-LENGTH DATA ELEMENTS--GENERAL INFORMATION |
| fixed length control field |
200813b ||||| |||| 00| 0 eng d |
| 020 ## - INTERNATIONAL STANDARD BOOK NUMBER |
| Terms of availability |
Rs. 30.00 |
| 041 0# - LANGUAGE CODE |
| Language code of text/sound track or separate title |
hin |
| 082 00 - DEWEY DECIMAL CLASSIFICATION NUMBER |
| Classification number |
891.43 |
| Item number |
B116 |
| 100 ## - MAIN ENTRY--PERSONAL NAME |
| 9 (RLIN) |
3633 |
| Personal name |
Bacchan, H. R. |
| 245 10 - TITLE STATEMENT |
| Title |
Madhubala / |
| 250 ## - EDITION STATEMENT |
| Edition statement |
17th ed. |
| 260 ## - PUBLICATION, DISTRIBUTION, ETC. (IMPRINT) |
| Place of publication, distribution, etc |
Delhi : |
| Name of publisher, distributor, etc |
Rajpal & sons, |
| Date of publication, distribution, etc |
1989. |
| 300 ## - PHYSICAL DESCRIPTION |
| Extent |
99 p. |
| 365 ## - TRADE PRICE |
| Price amount |
INR 30.00 |
| 650 #0 - SUBJECT ADDED ENTRY--TOPICAL TERM |
| Topical term or geographic name as entry element |
Hindi fiction |
| 942 ## - ADDED ENTRY ELEMENTS (KOHA) |
| Source of classification or shelving scheme |
|
| Item type |
Books |